00652nam a22002057a 4500003000500000005001700005008004100022010001000063011001000073035001000083040000900093100002700102245004800129260005800177300000900235500012200244650002600366650003200392700002200424CHAP20220329141032.0971013s1992 r 00010 d a61644 a62616 a66790 cCHAP00aTéliz Ortiz, Daniel. aManejo integrado de la corchosis del café aMontecillo, Méx. :bColegio de Postgraduados,c1992 a3 h. aAntepropuestas para presentarse ante la Organización de las Naciones Unidas para la Agricultura y la Alimentación14aCaféxEnfermedades.14aManejo integrado de plagas.0 aNieto A., Daniel.